Daňová kontrola
Pokračovanie príspevku z predchádzajúceho čísla. Druhy daňovej kontroly. Ilustračné príklady.
Enregistré dans:
| Auteur principal: | |
|---|---|
| Format: | Chapitre de livre |
| Langue: | slovaque |
| Sujets: | |
| Tags: |
Pas de tags, Soyez le premier à ajouter un tag!
|
MARC
| LEADER | 00000naa a2200000 4500 | ||
|---|---|---|---|
| 001 | 0231067 | ||
| 005 | 20170530120700.0 | ||
| 041 | 0 | |a slo | |
| 044 | |a SK | ||
| 245 | 1 | 0 | |a Daňová kontrola |c Emil Burák |
| 520 | |a Pokračovanie príspevku z predchádzajúceho čísla. Druhy daňovej kontroly. Ilustračné príklady. | ||
| 610 | 2 | 0 | |a kontrola daňová |
| 610 | 2 | 0 | |a správa daňová |
| 610 | 2 | 0 | |a kontrolóri |
| 100 | 1 | |a Burák, Emil | |